Biblioteca

"El retoño" donde se nutre la esperanza (Registro nro. 52013)

Detalles MARC
000 -LÍDER
Campo fijo de descripción fija 00797aab a2200181 i 4500
001 - NÚMERO DE CONTROL
Campo de control 768714001
003 - IDENTIFICADOR DEL NÚMERO DE CONTROL
Campo de control CO-MdFUSB
005 - FECHA Y HORA DE LA ULTIMA TRANSACCIÓN
control field 20240326141411.0
008 - ELEMENTOS DE LONGITUD FIJA -- INFORMACIÓN GENERAL
Campo fijo de descripción fija -- Información general 240326b |||||||| |||| 00| 0 eng d
040 ## - FUENTE DE CATALOGACIÓN
Idioma de catalogación spa
Agencia que realiza la transcripción CO-MdFUSB
041 ## - CÓDIGO DE IDIOMA
Código de idioma para texto/pista de sonido o título separado spa
245 10 - TÍTULO
Título "El retoño" donde se nutre la esperanza
300 ## - DESCRIPCIÓN FÍSICA
Extensión Volumen 12, número 4 (octubre - diciembre, 1993), páginas: 11 - 12
Dimensiones ; 27 cm
520 ## - NOTA DE RESUMEN, ETC.
Nota de sumario, etc. Este artículo es una entrevista entre MISIÓN con Kike Vivas, coordinador de "El Retoño", un ministerio dedicado a la rehabilitación de adictos a las drogas y a la atención de portadores del V.I.H. en Buenos Aires.
653 ## - TÉRMINO DE INDIZACIÓN - NO CONTROLADO
Término no controlado Entrevista
773 0# - ASIENTO DE ITEM FUENTE
Título Iglesia y Misión
Biblionumber 49402
Itemnumber 59656
Parte(s) relacionada(s) / Volumen., número. (mes año), páginas Volumen 12, número 4 (octubre - diciembre, 1993), páginas: 11 - 12
Enumeración y primera página páginas: 11
942 ## - TIPO DE MATERIAL (KOHA)
Tipo de Item KOHA Artículos de Revista

No hay ítems disponibles.

Biblioteca FUSBC | Teléfono: (57+4) 349 88 10 Ext. 141| WhatsApp (+57) 3005338115 
E-mail: biblioteca@unisbc.edu.co | Calle 76 87-14 Robledo Palenque, Medellín, Colombia

Con tecnología Koha